000 00931cam a22002897a 4500
003 CHAP
005 20220329140250.0
008 971013s1977 r 00010 d
010 _a49437
011 _a50409
035 _a54559
040 _cCHAP
082 _a635.7
_bV5
100 0 0 _aVilmorín Díaz, Felipe de.
_9119816
245 1 3 _aEl cultivo del pimiento dulce tipo Bell
260 _aMéxico, D.F. :
_bDiana,
_c1977
300 _a314 p.
_b: ilus.
590 _aBATCH-UPD
_b10
_c20130110
_lUCH01
_h1555
590 _aBATCH-UPD
_b10
_c20130410
_lUCH01
_h0952
590 _aBATCH-UPD
_b10
_c20130914
_lUCH01
_h0925
590 _aCONVERSION
_b10
_c20130109
_lUCH01
_h1327
650 1 4 _aChile pimiento
_xVariedades.
_922489
901 _aBK
942 _cLIBRO
949 _a635.7 V5
_bBC
_cLIBRO
_d33724000490900
_eLIBRO
_h42529
_i54559
_si
_t125.00
949 _a635.7 V5
_bBC
_cLIBRO
_d33724000633061
_eLIBRO
_fc.2
_h91773
_i54559
_si
_t144.00
999 _c49437
_d49437